| 000 | 01245cab a2200253 4500 | ||
|---|---|---|---|
| 001 | ABS68798 | ||
| 008 | 050324n2005 000 0 eng u | ||
| 035 | _a(Sirsi) u129181 | ||
| 100 | _aHird, C. | ||
| 245 | _aStandards of protection | ||
| 260 | _c2005 | ||
| 490 |
_aFire Engineers' Journal _v65(254) March 2005, 33-34(2) |
||
| 520 | _aDescribes how the new system of building standards in Scotland will contribute to improved life safety using automatic suppression in residential buildings. The Building (Scotland) Regulations 2004 are due to be implemented on 1 May 2005. The Building (Scotland) Act 2003 promoted a more efficient approach to compliance with European directives and was more flexible in its approach to alternative fire safety design strategies, without a formal relaxation of the technical standards. Looks at existing and proposed legislation. | ||
| 590 | _aABS | ||
| 650 | _aBUILDING (SCOTLAND) REGULATIONS 2004 | ||
| 650 | _aBUILDING (SCOTLAND) ACT 2003 | ||
| 650 | _aMANAGEMENT-HEALTH AND SAFETY-FIRE SAFETY | ||
| 650 | _aSPRINKLER SYSTEMS | ||
| 650 | _aRESIDENTIAL BUILDINGS | ||
| 650 | _aBS DD 251: 2000 | ||
| 650 | _aBS DD 252: 2002 | ||
| 690 | _aBUILT ENVIRONMENT-BUILDING STANDARDS | ||
| 942 | _n0 | ||
| 999 |
_c74981 _d74981 |
||